Kontrola tabaku - národný program
Ciele Európskej stratégie na kontrolu tabaku (ESKT) - boj proti škodlivosti fajčenia v Európe. Súčasná situácia v oblasti fajčenia na Slovensku. Národný program kontroly tabaku - ciele a predmet programu. Strategický rámec pre politiku kontroly tabaku. Opatrenia na úrovni znižovania dopytu po tabaku...
Salvato in:
| Natura: | Capitolo di libro |
|---|---|
| Lingua: | slovacco |
| Soggetti: | |
| Tags: |
Nessun Tag, puoi essere il primo ad aggiungerne!!
|
MARC
| LEADER | 00000naa$a2200000$$$4500 | ||
|---|---|---|---|
| 001 | 0055522 | ||
| 005 | 20231013071510.1 | ||
| 041 | 0 | |a slo | |
| 044 | |a SK | ||
| 245 | 1 | 0 | |a Kontrola tabaku - národný program |
| 520 | |a Ciele Európskej stratégie na kontrolu tabaku (ESKT) - boj proti škodlivosti fajčenia v Európe. Súčasná situácia v oblasti fajčenia na Slovensku. Národný program kontroly tabaku - ciele a predmet programu. Strategický rámec pre politiku kontroly tabaku. Opatrenia na úrovni znižovania dopytu po tabaku a tabakových výrobkoch. Informácie, školenie a verejné uvedomenie. Nedovolený obchod. Predaj mladým ľuďom. | ||
| 610 | 2 | 0 | |a tabak |
| 610 | 2 | 0 | |a kontrola |
| 610 | 2 | 0 | |a ochrana zdravia |
| 610 | 2 | 0 | |a úmrtnosť |
| 610 | 2 | 0 | |a programy |
| 610 | 2 | 0 | |a Slovensko |
| 610 | 2 | 0 | |a Európa |